| 000 | 00728nam a2200253 a 4500 | ||
|---|---|---|---|
| 001 | adlib96000001 | ||
| 003 | ViArRB | ||
| 005 | 200902210153555.7 | ||
| 008 | 960221s1955 dcuabcdjdbkoqu001 0deng d | ||
| 020 | _a9788171884803 | ||
| 022 | _a | ||
| 040 | _aAdlib | ||
| 082 | _a339.5 (540) | ||
| 245 | _aFDI in retail sector : India | ||
| 250 | _a | ||
| 260 |
_aNew Delhi _bAcademic Foundation _c2005 |
||
| 300 |
_a199p _c |
||
| 500 | _a | ||
| 100 |
_aMukherjee, Arpita _e |
||
| 700 |
_aPatel, Nitisha _a |
||
| 942 | _cBK | ||
| 653 |
_aForeign investment - India _aRetail sector - FDI |
||
| 952 |
_w2010-06-16 _p00056335 _r2013-01-15 _40 _00 _bUL _10 _o339.5 (540) MUK _d2010-06-16 _70 _yBK _s2012-12-13 _l2 _aUL |
||
| 999 |
_c50873 _d50872 |
||